| 000 | 00000cas 2200000zi 4500 |
| 001 | 9.941212 |
| 003 | CaOODSP |
| 005 | 20260122135045 |
| 006 | m o d f |
| 007 | cr cn |||||||| |
| 008 | 240729c20239999oncfr p o f0 a0eng|d |
| 022 | |a2818-6028 |
| 040 | |aCaOODSP|beng|erda|cCaOODSP |
| 043 | |an-cn--- |
| 086 | 1 |aJL5-3E-PDF |
| 222 | 0|aWhat we heard |
| 245 | 00|aWhat we heard : |bthe Law Commission of Canada in listen & learn mode. |
| 264 | 1|a[Ottawa] : |bLCC = CDC, |c[2023]- |
| 310 | |aSemiannual |
| 336 | |atext|btxt|2rdacontent |
| 337 | |acomputer|bc|2rdamedia |
| 338 | |aonline resource|bcr|2rdacarrier |
| 362 | 1 |aBegan with: June to December 2023. |
| 500 | |aIssued also in French under title: Ce que nous avons entendu : la Commission du droit du Canada en mode écoute et dévouverte. |
| 588 | |aDescription based on: June to December 2023; title from PDF cover page. |
| 588 | |aLatest issue consulted: January to May 2024. |
| 650 | 0|aLaw reform|zCanada|xPublic opinion|vPeriodicals. |
| 655 | 7|aPeriodicals|2lcgft |
| 710 | 2 |aLaw Commission of Canada, |eissuing body. |
| 775 | 08|tCe que nous avons entendu : |w(CaOODSP)9.941211 |